FONDO FIDUCIARIO DE PROGRESO SOCIAL : SEPTIMO INFORME ANUAL, 1967

Salvato in:
Dettagli Bibliografici
Ente Autore: Banco Interamericano de Desarrollo
Natura: Libro
Soggetti:
Tags: Aggiungi Tag
Nessun Tag, puoi essere il primo ad aggiungerne!!

MARC

LEADER 00000nam^a2200000^a^4500
001 000232054
005 20250521000000.0
009 20260310104545.778
035 |a 054692 
037 |a Acervo Xavier Clavigero 
082 |a 330. 98  |b BAN 
110 |a Banco Interamericano de Desarrollo 
245 1 0 |a FONDO FIDUCIARIO DE PROGRESO SOCIAL :  |b SEPTIMO INFORME ANUAL, 1967 
264 |a Washington, EUA :  |b BANCO INTERAMERICANO DE DESARROLLO,  |c 1961 
300 |a 473p. :  |b tbs. 
336 |a texto  |b txt  |2 rdacontenido 
337 |a sin mediación  |b n  |2 rdamedio 
338 |a volumen  |b nc  |2 rdasoporte 
610 |a Banco Interamericano de Desarrollo 
649 |a XX 
650 |a Iberoamérica -  |x Condiciones Económicas 
650 |a Iberoamérica -  |x Condiciones Sociales y Culturales 
910 |a Fondo General 
920 |a Impresos - Libros 
930 |a Colección General 
905 |a 101 
901 |a 054692  |b IT1  |c ACC  |i 054692  |u 20250521 
901 |a 054484  |b IT1  |c ACC  |i 054484  |u 20250521 
902 |a https://opac.biblio.iteso.mx/vufind/Record/000232054